00366nam a2200145Ia 4500003000400000005001700004008004100021040000700062041000800069082002300077100001600100245004400116260004700160365001300207OSt20230531133648.0210423s2007 xx 000 0 und d cAL aeng a658.477 223bGOED aGOEL (S L). aDisaster administration and management. aNew DelhibDeep and deep publicationc2007 b480cINR